000 01348nam a2200289 i 4500
001 000046285
003 DO-SdBNP
005 20230511110552.0
007 ta
008 110303s2022 dr 000 0 spa d
020 _a9789945929119
040 _aDO-SdBNP
_bspa
_cBNPHU
_erda
082 _bE938
_222
110 _983335
245 1 0 _aEvolución de la carrera administrativa y especial en La República Dominicana :
_ba 8 años de la entrada en vigencia de la estrategia nacional de desarrollo
264 _aSanto Domingo :
_bParticipación Ciudadana,
_c2022.
300 _a178 paginas. :
_bilustrados ;
_c24 cm.
336 _2rdacontent
_atexto
_btxt
337 _2rdamedia
_asin mediación
_bn
338 _2rdacarrier
_avolumen
_bnc
505 _a Introducción 11 -- Metodología 13 -- Análisis cuantitativo 17 -- Áreas de capacitación y prerrequisitos del sistema de carrera administrativa 27 -- Autoevaluaciones 35 -- TIC aplicada a la administración pública 47 -- Análisis cualitativo de la evolución de la carrera administrativa vista desde los institutos formativos y ministeriales de la República Dominicana 63 -- Conclusiones 73
590 _ainventariado, 2023 / DG
650 4 _aArte rupestre
_zRepública Dominicana
_961716
650 4 _aPetroglifos
_zRepública Dominicana
_983348
910 _aDG
942 _2ddc
_cLBS1
999 _c53487
_d53487